| 000 | 00639nam a2200229 a 4500 | ||
|---|---|---|---|
| 005 | 20160415122558.0 | ||
| 008 | 140115b1985 ck ||||| |||| 00| 0 spa d | ||
| 040 |
_aCO-BoIAVH _cCO-BoIAVH |
||
| 041 | _aspa | ||
| 090 |
_aEA _b00028 |
||
| 110 | 1 |
_aServicio Nacional de Aprendizaje SENA _916808 |
|
| 245 | 1 | _aSalvemos al Cóndor | |
| 260 |
_aBogotá _bSENA _c1985 |
||
| 300 | _a11 paginas | ||
| 650 | 1 | 6 |
_aAndes _965387 |
| 650 | 1 | 6 |
_ala Población Oriental _965383 |
| 650 | 1 | 6 |
_aPoblación Sur _965384 |
| 650 | 1 | 6 |
_ael Vuelo del Condor _965385 |
| 710 |
_a^Programa Ecológico CAPACA _965388 |
||
| 942 |
_cFolleto _2z |
||
| 945 | _d2005-05-17 | ||
| 999 |
_c4467 _d4467 |
||